Call for new housing to meet the demand (Record no. 74181)

MARC details
000 -LEADER
fixed length control field 01103cab a2200217 4500
001 - CONTROL NUMBER
control field ABS67519
008 - FIXED-LENGTH DATA ELEMENTS--GENERAL INFORMATION
fixed length control field 040301n2004 000 0 eng u
035 ## - SYSTEM CONTROL NUMBER
System control number (Sirsi) u125251
100 ## - MAIN ENTRY--PERSONAL NAME
Personal name Baker, C.
245 ## - TITLE STATEMENT
Title Call for new housing to meet the demand
260 ## - PUBLICATION, DISTRIBUTION, ETC.
Date of publication, distribution, etc. 2004
490 ## - SERIES STATEMENT
Series statement Axis
Volume/sequential designation 58(6) January/February 2004, 13-15(3)
520 ## - SUMMARY, ETC.
Summary, etc. Looks at the reasons why the house building sector is failing to deliver the necessary number of affordable homes (a fact highlighted by "Securing our future housing needs: the interim report of the Barker review of housing supply" (J124697)) and suggests what needs to be done to ensure a homes-for-all approach. Provides nutshell information on the UK housing market, performance of the house building industry and the key policy problems. Table covers UK housing completions 1949-2002.
590 ## - LOCAL NOTE (RLIN)
Local note ABS
650 ## - SUBJECT ADDED ENTRY--TOPICAL TERM
Topical term or geographic name entry element HOUSE BUILDING INDUSTRY
650 ## - SUBJECT ADDED ENTRY--TOPICAL TERM
Topical term or geographic name entry element BARKER REVIEW OF HOUSING SUPPLY: SECURING OUR FUTURE HOUSING NEEDS
650 ## - SUBJECT ADDED ENTRY--TOPICAL TERM
Topical term or geographic name entry element Affordable housing
9 (RLIN) 6215
650 ## - SUBJECT ADDED ENTRY--TOPICAL TERM
Topical term or geographic name entry element HOUSING COMPLETIONS
690 ## - LOCAL SUBJECT ADDED ENTRY--TOPICAL TERM (OCLC, RLIN)
Topical term or geographic name as entry element HOUSING-DEVELOPMENT
942 ## - ADDED ENTRY ELEMENTS (KOHA)
Suppress in OPAC 0
Holdings
Withdrawn status Lost status Source of classification or shelving scheme Damaged status Not for loan Home library Current library Shelving location Date acquired Total Checkouts Full call number Barcode Date last seen Copy number Price effective from Koha item type
    Dewey Decimal Classification     London London Journal article 01/03/2004   ABS67519 125251-1001 06/08/2019 1 06/08/2019 Journal article